000 00426cam a2200181ua 4500
020 _c25.00
041 _aeng
_h
082 _a307.762
_bDUB/IN
100 _aDube, S.C .
245 _aIndian village /
_cS.C.Dube.
_hTextual Documents
250 _a1 /
_b.
260 _aLondon :
_bRoutledge & Kegan Paul Ltd ,
_c1961.
300 _a261 ; .
365 _a25.00
504 _a
942 _cBK
999 _c1873
_d1873